1913 1496 1831 1148 1422 1806 1312 1540 1322 1468 1417 1687 1812 1332 1950 1964 1247 1466 1662 1531 1995 1758 1144 1133 1652 1995 1588 1556 1935 1618 1068 1746 1040 1393 1826 1787 1262 1126 1842 1873 1861 1562 1548 1849 1005 1366 1048 1389 1323 1793 1707 1968 1122 1376 1353 1458 1115 1662 1137 1146 1978 1216 1625 1116 1388 1095 1488 1064 1157 1575 1689 1723 1053 1469 1896 1334 1128 1901 1156 1700 1926 1639 1860 1023 1144 1527 1632 1639 1635 1876 1723 1404 1761 1603 1321 1461 1099 1660 1805 BCNSPRNW ULIB Ver.6.0+V

เปลี่ยนเป็นภาษาไทย

Change to English
 แสดงรายละเอียดบรรณานุกรม
  กลับหน้าหลัก

Brief Record : Get Marc (ISO 2709) : E-mail record : QR code < ปิดหน้าต่าง
LEADER : 00000nam 2200000uu 4500
001    13399126575
003     ULIB
008    181122s2558||||th 000 0 tha d
020    ^a9786165433303
050  4 ^aDS578.32^bก443บ
245 00 ^aบันทึกประวัติศาสตร์ ปั่นเพื่อพ่อเฉลิมพระเกียรติ 88 พรรษา ทวยราษฎร์จงรักล้ำปิตุรงค์ /^cกระทรวงวัฒนธรรม
250    ^aพิมพ์ครั้งที่ 1
260    ^aกรุงเทพฯ :^bบริษัทอมรินทร์พริ้นติ้งแอนด์พับลิชชิ่ง จำกัด (มหาชน),^c2558
300    ^a308หน้า :^bภาพประกอบสี ;^c30 ซม.
945    ^p0^l0^i26865
999    ^aกัณชพร จุลอักษร
รายการนี้ยังไม่มีแท็ก
คุณยังไม่ได้ล็อกอิน คุณสามารถมีกิจกรรมร่วมกับเว็บไซต์ได้ แต่ต้องล็อกอินก่อน ::
  ล็อกอิน

รายการสื่อสารสนเทศ

ลำดับที่ ประเภท เลขเรียก/บาร์โค้ด สถานที่ สถานะ
1. การศึกษาทั่วไป
การศึกษาทั่วไป
DS578.32 ก443บ ฉ.1 
  Barcode: 26865
ห้องสมุดวิทยาเขตนครสวรรค์
►หนังสือทั่วไป:l:General Books
บนชั้น

BibComment


ยังไม่เคยถูกคอมเมนท์

คอมเมนท์ทรัพยากรรายการนี้
  คอมเมนท์: บันทึกประวัติศาส..


 Copyright 2026. Bcnsprnw @Library